|
|
|
|
| LEADER |
01649cas a2200289 a 4500 |
| 001 |
AALejournalIMF019795 |
| 008 |
230101c9999 xx r poo 0 0eng d |
| 020 |
|
|
|c 5.00 USD
|
| 020 |
|
|
|z 9781498337489
|
| 022 |
|
|
|a 2663-3493
|
| 040 |
|
|
|a BD-DhAAL
|c BD-DhAAL
|
| 110 |
2 |
|
|a International Monetary Fund.
|
| 245 |
1 |
0 |
|a Provisional Agenda for the Twenty-First Meeting of the International Monetary and Financial Committee.
|
| 264 |
|
1 |
|a Washington, D.C. :
|b International Monetary Fund,
|c 2010.
|
| 300 |
|
|
|a 1 online resource (1 pages)
|
| 490 |
1 |
|
|a Policy Papers
|
| 500 |
|
|
|a <strong>Off-Campus Access:</strong> No User ID or Password Required
|
| 500 |
|
|
|a <strong>On-Campus Access:</strong> No User ID or Password Required
|
| 506 |
|
|
|a Electronic access restricted to authorized BRAC University faculty, staff and students
|
| 520 |
3 |
|
|a The crisis brought the financial system to the verge of systemic collapse and raised the prospect of depression and deflation. Central banks helped defuse these threats, including through exceptional measures. Considerable efforts are now under way to draw policy lessons from the crisis. For central banks, the crisis seems to provide three important lessons for policy frameworks-mainly concerning systemic financial stability.
|
| 538 |
|
|
|a Mode of access: Internet
|
| 650 |
|
7 |
|a Agenda
|2 imf
|
| 650 |
|
7 |
|a IMF Chairman
|2 imf
|
| 650 |
|
7 |
|a PP
|2 imf
|
| 650 |
|
7 |
|a Twenty-First Meeting Of The International Monetary
|2 imf
|
| 830 |
|
0 |
|a Policy Papers; Policy Paper ;
|v No. 2010/043
|
| 856 |
4 |
0 |
|z Full text available on IMF
|u http://elibrary.imf.org/view/journals/007/2010/043/007.2010.issue-043-en.xml
|z IMF e-Library
|